| 000 | 00696nam a2200217 i 4500 | ||
|---|---|---|---|
| 001 | 13550 | ||
| 003 | ES-MaACL | ||
| 005 | 20230906150618.0 | ||
| 007 | t| | ||
| 008 | 980518s1989 sp ||||1| spa d | ||
| 020 | _a84-505-8864-2 | ||
| 080 | _a946.027 Meco | ||
| 100 | 1 |
_aGarcía Gutiérrez, Francisco Javier. _954745 |
|
| 245 | 1 | 0 |
_aHistoria de Meco / _cFrancisco Javier García Gutiérrez ; prólogo del Dr. Martínez Ripoll. |
| 260 |
_aMeco, Madrid : _bAyuntamiento, _c1989. |
||
| 300 |
_a156 p. : _bil. ; _c22 cm. |
||
| 651 | 4 |
_aMeco- _xHistoria. _99037 |
|
| 700 | 1 |
_aMartínez Ripoll, Antonio. _978362 |
|
| 710 | 2 |
_aMeco. _bAyuntamiento. _95674 |
|
| 852 |
_aES-MaACL _jL-20887 _bR.126506 |
||
| 999 |
_c13550 _d13550 |
||